Score 0/7 Timer 03:00
0 Plays Today
Question Answer Wrong Answers
This Irish novelist and poet, author of the 1922 novel Ulysses, dies at the age of 58.
1941
James Joyce
85.7%
Oscar Wilde
7.3%
Samuel Beckett
2.8%
W.B. Yeats
4.1%
This English actor, known for his roles as Will Turner and Legolas, is born in Canterbury.
1977
Orlando Bloom
84.5%
Dominic Monaghan
3.7%
Michael Sheen
3%
Eddie Redmayne
7.7%
This NBA star retires for the second time. He would return as a part-owner and player for the Washington Wizards.
1999
Michael Jordan
82.9%
Charles Barkley
7.2%
Larry Bird
6.1%
Karl Malone
1.7%
Cristiano Ronaldo wins the FIFA Ballon d'Or award, ending the streak of this Argentinian player who had won for three consecutive years.
2014
Lionel Messi
74.9%
Andrés Iniesta
3.9%
Sergio Agüero
5%
Diego Maradona
13.7%
The British sketch comedy series A Bit of _________ debuts on BBC1.
1989
Fry & Laurie
65.3%
Mitchell & Webb
9%
Mark & Lard
7.5%
French & Saunders
16.4%
The Colony of _______ Island is founded, eventually uniting with the mainland to form the Colony of British Columbia.
1849
Vancouver
63.2%
Baffin
6.7%
Prince Edward
28.3%
Ellesmere
1.8%
Bill Gates steps down as Microsoft CEO and promotes this man to the position as his replacement.
2000
Steve Ballmer
41.4%
Steve Wozniak
28.9%
Jeff Bezos
9%
Larry Ellison
18.4%
Remove Ads.
Support Sporcle.
Get the best of Sporcle when you Go Orange. This ad-free experience offers more features, more stats, and more fun while also helping to support Sporcle. Thank you for becoming a member.

You're not logged in!

Compare scores with friends on all Sporcle quizzes.
OR
Log In

Show Comments

Extras

Top Quizzes Today


Score Distribution

Your Account Isn't Verified!

In order to create a playlist on Sporcle, you need to verify the email address you used during registration. Go to your Sporcle Settings to finish the process.

Report this User

Report this user for behavior that violates our Community Guidelines.

Details: